Campeones Moto2 y 250cc - Estadísticas

Estadísticas generales
  • Esta prueba ha sido intentada 42 veces
    9 desde el último reinicio
  • La puntuación promedio es 36 de 77
Estadísticas de respuestas
Año Piloto Nacionalidad Marca % Correcto
2024 Ai Ogura Japones Boscoscuro
100%
2023 Pedro Acosta Español Kalex
100%
2019 Álex Márquez Español Kalex
86%
2004 Daniel Pedrosa Español Honda
86%
2005 Daniel Pedrosa Español Honda
86%
2025 Diogo Moreira Brasileño Kalex
86%
2018 Francesco Bagnaia Italiano Kalex
86%
2017 Franco Morbidelli Italiano Kalex
86%
2006 Jorge Lorenzo Español Aprilia
86%
2007 Jorge Lorenzo Español Aprilia
86%
2012 Marc Márquez Español Suter
86%
1999 Valentino Rossi Italiano Aprilia
86%
2022 Augusto Fernández Español Kalex
71%
2001 Daijiro Kato Japones Honda
71%
2020 Enea Bastianini Italiano Kalex
71%
2015 Johann Zarco Frances Kalex
71%
2016 Johann Zarco Frances Kalex
71%
1998 Loris Capirossi Italiano Aprilia
71%
1964 Phil Read Britanico Yamaha
71%
1965 Phil Read Britanico Yamaha
71%
1968 Phil Read Britanico Yamaha
71%
1971 Phil Read Britanico Yamaha
71%
2013 Pol Espargaró Español Kalex
71%
2010 Toni Elías Español Moriwaki
71%
1985 Freddie Spencer Estadounidense Honda
57%
1994 Max Biaggi Italiano Aprilia
57%
1995 Max Biaggi Italiano Aprilia
57%
1996 Max Biaggi Italiano Aprilia
57%
1997 Max Biaggi Italiano Honda
57%
1961 Mike Hailwood Britanico Honda
57%
1966 Mike Hailwood Britanico Honda
57%
1967 Mike Hailwood Britanico Honda
57%
2021 Remy Gardner Australiano Kalex
57%
2011 Stefan Bradl Aleman Kalex
57%
2014 Tito Rabat Español Kalex
57%
1972 Jarno Saarinen Finlandes Yamaha
43%
1962 Jim Redman Britanico/Zimbauense Honda
43%
1963 Jim Redman Britanico/Zimbauense Honda
43%
2003 Manuel Poggiali sanmarines Aprilia
43%
2008 Marco Simoncelli Italiano Gilera
43%
1993 Tetsuya Harada Japones Yamaha
43%
1980 Anton Mang Aleman Kawasaki
29%
1981 Anton Mang Aleman Kawasaki
29%
1987 Anton Mang Aleman Honda
29%
1983 Carlos Lavado Venezolano Yamaha
29%
1986 Carlos Lavado Venezolano Yamaha
29%
1956 Carlo Ubbiali Italiano MV Agusta
29%
1959 Carlo Ubbiali Italiano MV Agusta
29%
1960 Carlo Ubbiali Italiano MV Agusta
29%
1984 Christian Sarron Frances Yamaha
29%
1973 Dieter Braun Aleman Yamaha
29%
2009 Hiroshi Aoyama Japones Honda
29%
1990 John Kocinski Estadounidense Yamaha
29%
1978 Kork Ballington Sudafricano Kawasaki
29%
1979 Kork Ballington Sudafricano Kawasaki
29%
1991 Luca Cadalora Italiano Honda
29%
1992 Luca Cadalora Italiano Honda
29%
2002 Marco Melandri Italiano Aprilia
29%
2000 Olivier Jacque Frances Yamaha
29%
1988 Sito Pons Español Honda
29%
1989 Sito Pons Español Honda
29%
1974 Walter Villa Italiano Harley Davidson
29%
1975 Walter Villa Italiano Harley Davidson
29%
1976 Walter Villa Italiano Harley Davidson
29%
1949 Bruno Ruffo Italiano Moto Guzzi
14%
1951 Bruno Ruffo Italiano Moto Guzzi
14%
1957 Cecil Sandford Britanico Mondial
14%
1950 Dario Ambrosini Italiano Benelli
14%
1952 Enrico Lorenzetti Italiano Moto Guzzi
14%
1955 Hermann Müller Aleman NSU
14%
1982 Jean-Louis Tournadre Frances Yamaha
14%
1969 Kel Carruthers Australiano Benelli
14%
1977 Mario Lega Italiano Morbidelli
14%
1970 Rodney Gould Britanico Yamaha
14%
1958 Tarquinio Provini Italiano MV Agusta
14%
1953 Werner Haas Aleman NSU
14%
1954 Werner Haas Aleman NSU
14%
No se encontraron pruebas coincidentes
Distribución de puntuación
Porcentaje de gente con cada puntuación
Porcentaje por número respondido
Historial de tus puntuaciones
No has intentado esta prueba desde el último reinicio